INTRODUCTION TO FORESTRY (Record no. 25721)

MARC details
000 -LEADER
fixed length control field 00289nam a22001337a 4500
003 - CONTROL NUMBER IDENTIFIER
control field SGT
020 ## - INTERNATIONAL STANDARD BOOK NUMBER
International Standard Book Number 978-81-948457-3-7
082 ## - DEWEY DECIMAL CLASSIFICATION NUMBER
Classification number 634
Item number BAN
100 ## - MAIN ENTRY--PERSONAL NAME
Personal name BANGARWA, K.S.
245 ## - TITLE STATEMENT
Title INTRODUCTION TO FORESTRY
260 ## - PUBLICATION, DISTRIBUTION, ETC. (IMPRINT)
Place of publication, distribution, etc DELHI
Name of publisher, distributor, etc KALYANI
Year of Publication 2020
300 ## - PAGE DESCRIPTION
No. of Pages 222
942 ## - ADDED ENTRY ELEMENTS (KOHA)
Source of classification or shelving scheme Dewey Decimal Classification
Koha item type Books
942 ## - ADDED ENTRY ELEMENTS (KOHA)
-- 9
Holdings
Withdrawn status Lost status Source of classification or shelving scheme Damaged status Not for loan Home library Current library Shelving location Date acquired Vendor Name Cost, normal purchase price SGTU Bill Number Full call number Accession No. (Barcode) Date last seen Bill Date Koha item type Total Checkouts Total Renewals Date last borrowed
    Dewey Decimal Classification   Not For Loan SGT Science & Social Sciences Library SGT Science & Social Sciences Library Reference Book 22/02/2024 KALYANI 150.00 SGTU 2140 634 BAN AG1886 22/02/2024   Books      
    Dewey Decimal Classification     SGT Science & Social Sciences Library SGT Science & Social Sciences Library Text Book 22/02/2024 KALYANI 150.00 SGTU 2140 634 BAN AG1887 11/01/2025   Books 3 1 28/12/2024
    Dewey Decimal Classification     SGT Science & Social Sciences Library SGT Science & Social Sciences Library Text Book 22/02/2024 KALYANI 150.00 SGTU 2140 634 BAN AG1888 11/01/2025   Books 3   28/12/2024
    Dewey Decimal Classification     SGT Science & Social Sciences Library SGT Science & Social Sciences Library Text Book 22/02/2024 KALYANI 150.00 SGTU 2140 634 BAN AG1889 13/01/2025   Books 2   28/12/2024
    Dewey Decimal Classification     SGT Science & Social Sciences Library SGT Science & Social Sciences Library Text Book 22/02/2024 KALYANI 150.00 SGTU 2140 634 BAN AG1890 18/08/2025   Books 2   05/08/2025